[Event "Asian Continental op (Women) 17th"]
[Site "Makati"]
[Date "2018.12.17"]
[Round "8"]
[White "Bernales, Christy Lamiel"]
[Black "Citra, Dewi Ardhiani Anast"]
[Result "0-1"]
[WhiteElo "1996"]
[BlackElo "2215"]
[PlyCount "54"]
[EventDate "2018.12.10"]
[EventType "swiss"]
[EventRounds "9"]
[EventCountry "PHI"]
[SourceTitle "CBM 187 Extra"]
[Source "ChessBase"]
[SourceDate "2018.11.04"]
[SourceVersion "1"]
[SourceVersionDate "2018.11.04"]
[SourceQuality "1"]

1. e4 d5 2. exd5 Nf6 3. d4 Nxd5 4. Nf3 Bg4 5. Be2 e6 6. 0-0 Be7 7. c4 Nb6 8. Nc3 Nc6 9. d5 exd5 10. cxd5 Bxf3 11. Bxf3 Ne5 12. Be4 0-0 13. Qh5 Ng6 14. f4 Nd7 15. Bc2 Nf6 16. Qf3 Bc5+ 17. Kh1 Re8 18. Bd2 c6 19. Rac1 cxd5 20. Nxd5 Qxd5 21. Qxd5 Nxd5 22. Bxg6 Be3 23. Bxe3 Nxe3 24. Bd3 Nxf1 25. Rxf1 Rad8 26. Bb5 Re4 27. b3 a6 0-1

[Event "Asian Continental op (Women) 17th"]
[Site "Makati"]
[Date "2018.12.16"]
[Round "7"]
[White "Bach, Ngoc Thuy Duong"]
[Black "Bernales, Christy Lamiel"]
[Result "0-1"]
[WhiteElo "2131"]
[BlackElo "1996"]
[PlyCount "50"]
[EventDate "2018.12.10"]
[EventType "swiss"]
[EventRounds "9"]
[EventCountry "PHI"]
[SourceTitle "CBM 187 Extra"]
[Source "ChessBase"]
[SourceDate "2018.11.04"]
[SourceVersion "1"]
[SourceVersionDate "2018.11.04"]
[SourceQuality "1"]

1. d4 Nf6 2. c4 g6 3. Nc3 Bg7 4. e4 d6 5. Nf3 0-0 6. Be2 Nc6 7. 0-0 e5 8. d5 Ne7 9. b4 Nh5 10. g3 f5 11. Ng5 Nf6 12. f3 b6 13. Be3 Nh5 14. Bf2 a5 15. a3 axb4 16. axb4 Rxa1 17. Qxa1 Nxd5 18. Nxd5 Qxg5 19. Nxc7 fxe4 20. fxe4 Nf4 21. Qa2 Nh3+ 22. Kg2 Nxf2 23. Rxf2 Bh3+ 24. Kg1 Qc1+ 25. Bf1 Qxf1+ 0-1

[Event "Asian Continental op (Women) 17th"]
[Site "Makati"]
[Date "2018.12.14"]
[Round "5"]
[White "Fronda Pascua, Jan Jodilyn"]
[Black "Bernales, Christy Lamiel"]
[Result "1-0"]
[WhiteElo "2139"]
[BlackElo "1996"]
[PlyCount "111"]
[EventDate "2018.12.10"]
[EventType "swiss"]
[EventRounds "9"]
[EventCountry "PHI"]
[SourceTitle "CBM 187 Extra"]
[Source "ChessBase"]
[SourceDate "2018.11.04"]
[SourceVersion "1"]
[SourceVersionDate "2018.11.04"]
[SourceQuality "1"]

1. e4 e6 2. d4 d5 3. exd5 exd5 4. c4 Nf6 5. Nc3 Be7 6. Nf3 0-0 7. Bd3 h6 8. 0-0 Be6 9. cxd5 Nxd5 10. Re1 Nc6 11. Be3 Bf6 12. Rc1 a6 13. Bb1 Nce7 14. Nxd5 Bxd5 15. Qc2 Ng6 16. Qxc7 Bxf3 17. gxf3 Bxd4 18. Bxg6 Bxe3 19. Bxf7+ Rxf7 20. Qxd8+ Rxd8 21. Rxe3 Rd2 22. Rb3 Re7 23. Re3 Rxe3 24. fxe3 Rxb2 25. a4 Kf7 26. a5 Kf6 27. h4 Rb4 28. Rc7 Rb5 29. Kf2 Rxa5 30. Rxb7 Ra1 31. h5 a5 32. Kg3 a4 33. Kf4 Rh1 34. Rb6+ Kf7 35. Ra6 Rxh5 36. e4 Rb5 37. Rxa4 Kf6 38. Ra6+ Kf7 39. Kg4 Rg5+ 40. Kf4 Rb5 41. Rc6 Ra5 42. Rb6 Rc5 43. e5 Rc7 44. Kf5 Ra7 45. f4 Rc7 46. e6+ Ke7 47. Kg6 Rc4 48. Rb7+ Ke8 49. Rf7 Re4 50. Kf5 Ra4 51. Rxg7 h5 52. Rh7 Kf8 53. Kg5 Re4 54. f5 Re1 55. Kf6 Kg8 56. Rxh5 1-0

[Event "Asian Continental op (Women) 17th"]
[Site "Makati"]
[Date "2018.12.11"]
[Round "2"]
[White "Makhija, Aashna"]
[Black "Bernales, Christy Lamiel"]
[Result "1-0"]
[WhiteElo "2181"]
[BlackElo "1996"]
[PlyCount "105"]
[EventDate "2018.12.10"]
[EventType "swiss"]
[EventRounds "9"]
[EventCountry "PHI"]
[SourceTitle "CBM 187 Extra"]
[Source "ChessBase"]
[SourceDate "2018.11.04"]
[SourceVersion "1"]
[SourceVersionDate "2018.11.04"]
[SourceQuality "1"]

1. e4 e6 2. d4 d5 3. Bd3 Nf6 4. e5 Nfd7 5. Nf3 c5 6. c3 Nc6 7. 0-0 Qb6 8. Bc2 Be7 9. a3 f6 10. exf6 Nxf6 11. Re1 0-0 12. Qd3 c4 13. Qe2 Bd7 14. h3 Rae8 15. Nbd2 Bd6 16. Ne5 Na5 17. Rb1 Bb5 18. Ndf3 Nb3 19. Bg5 a6 20. Bh4 Qc7 21. Ng5 h6 22. Ngf3 g5 23. Nxg5 hxg5 24. Bxg5 Qg7 25. Qe3 Bxe5 26. dxe5 Nh5 27. Bh6 Qe7 28. Bg6 Ng7 29. Bg5 Qc7 30. Qg3 Rc8 31. Qh4 Nf5 32. Qh5 Be8 33. Bf6 Bxg6 34. Qxg6+ Ng7 35. Re3 Rf7 36. Rg3 Rcf8 37. Rg4 Nd2 38. Rh4 Rxf6 39. Qh7+ Kf7 40. exf6 Kxf6 41. Qh6+ Ke5 42. Qxd2 Kd6 43. Re1 b5 44. Rh7 Rf7 45. Qd4 Qb7 46. h4 a5 47. h5 b4 48. h6 Nf5 49. Qe5+ Kc5 50. axb4+ axb4 51. Rxf7 Qxf7 52. Qxe6 Qh5 53. cxb4+ 1-0

[Event "Asian Continental op (Women) 17th"]
[Site "Makati"]
[Date "2018.12.10"]
[Round "1"]
[White "Bernales, Christy Lamiel"]
[Black "Alinasab, Mobina"]
[Result "0-1"]
[WhiteElo "1996"]
[BlackElo "2295"]
[PlyCount "72"]
[EventDate "2018.12.10"]
[EventType "swiss"]
[EventRounds "9"]
[EventCountry "PHI"]
[SourceTitle "CBM 187 Extra"]
[Source "ChessBase"]
[SourceDate "2018.11.04"]
[SourceVersion "1"]
[SourceVersionDate "2018.11.04"]
[SourceQuality "1"]

1. e4 c5 2. Nf3 d6 3. d4 cxd4 4. Nxd4 Nf6 5. Nc3 a6 6. Be2 e5 7. Nb3 Be7 8. Be3 Be6 9. 0-0 0-0 10. Qd2 Nbd7 11. Rad1 Rc8 12. Rfe1 Qc7 13. Bg5 b5 14. a3 Rfd8 15. Qe3 Nb6 16. Qg3 Na4 17. Bxf6 Bxf6 18. Nxa4 bxa4 19. Nc1 Qb7 20. b3 Rxc2 21. bxa4 Qc6 22. a5 Rc3 23. Nd3 Qxe4 24. Bf1 Qa4 25. Qe3 Rxa3 26. Qa7 Qxa5 27. Rc1 h6 28. h3 Bg5 29. Rcd1 Bb3 30. Rb1 Bc2 31. Nb4 Bxb1 32. Rxb1 Qc5 33. Qb7 Bh4 34. Rb2 Ra1 35. Nd3 Qd4 36. Rb3 e4 0-1

[Event "Tagaytay City zt 3.3 (Women)"]
[Site "Tagaytay City"]
[Date "2017.02.28"]
[Round "4"]
[White "Bernales, Christy Lamiel"]
[Black "Vo, Thi Kim Phung"]
[Result "0-1"]
[WhiteElo "2039"]
[BlackElo "2220"]
[PlyCount "112"]
[EventDate "2017.02.25"]
[EventType "swiss"]
[EventRounds "9"]
[EventCountry "PHI"]
[SourceTitle "CBM 177 Extra"]
[Source "ChessBase"]
[SourceDate "2017.04.27"]
[SourceVersion "1"]
[SourceVersionDate "2017.04.27"]
[SourceQuality "1"]

1. e4 c5 2. Nc3 a6 3. f4 b5 4. Nf3 Bb7 5. d3 d6 6. Be2 g6 7. 0-0 Bg7 8. Qe1 Nc6 9. Nd1 e6 10. c3 Nge7 11. Be3 Rc8 12. Nf2 h5 13. Qd2 b4 14. d4 cxd4 15. cxd4 d5 16. e5 Nf5 17. Nd3 Qb6 18. Bf2 Bf8 19. Rfc1 Be7 20. Bf1 0-0 21. Nc5 Rc7 22. Nxb7 Qxb7 23. Rc2 Rfc8 24. Rac1 Bd8 25. Bd3 Nb8 26. h3 Rxc2 27. Rxc2 Rxc2 28. Qxc2 Nd7 29. Qa4 a5 30. Bxf5 exf5 31. Kh2 Kg7 32. Bh4 Bxh4 33. Nxh4 Nf8 34. g4 hxg4 35. hxg4 fxg4 36. f5 Qc8 37. Qd1 gxf5 38. Qb1 f4 39. Nf5+ Kh8 40. Kg2 Ng6 41. Nd6 Nh4+ 42. Kg1 Qc7 43. Qd1 Nf3+ 44. Kf2 Qb6 45. Nf5 Kg8 46. Ne7+ Kf8 47. Nxd5 Qh6 48. Ke2 g3 49. Nf6 g2 50. Qc1 Qh3 51. Qc5+ Kg7 52. Ne8+ Kg6 53. Qc6+ Qe6 54. Qe4+ Qf5 55. Qc6+ Kg5 56. Qc7 Qe4+ 0-1

[Event "Tagaytay City zt 3.3 (Women)"]
[Site "Tagaytay City"]
[Date "2017.02.27"]
[Round "3"]
[White "Bernales, Christy Lamiel"]
[Black "Mordido, Kylen Joy"]
[Result "1-0"]
[WhiteElo "2039"]
[BlackElo "1755"]
[PlyCount "117"]
[EventDate "2017.02.25"]
[EventType "swiss"]
[EventRounds "9"]
[EventCountry "PHI"]
[SourceTitle "CBM 177 Extra"]
[Source "ChessBase"]
[SourceDate "2017.04.27"]
[SourceVersion "1"]
[SourceVersionDate "2017.04.27"]
[SourceQuality "1"]

1. e4 c5 2. Nc3 Nc6 3. Bb5 g6 4. f4 Bg7 5. Nf3 d6 6. Bxc6+ bxc6 7. 0-0 d5 8. e5 Nh6 9. d3 0-0 10. Qe1 Nf5 11. b3 Nd4 12. Nxd4 cxd4 13. Na4 f6 14. exf6 Bxf6 15. Ba3 Re8 16. Qf2 Qc7 17. Rae1 Bf5 18. Bc5 e5 19. fxe5 Bxe5 20. g4 Bxg4 21. Qh4 h5 22. Nb2 Re6 23. Nd1 Rae8 24. Kg2 Bxd1 25. Rxd1 Bxh2 26. Rf2 Be5 27. Rdf1 Bg7 28. Bxd4 Bxd4 29. Qxd4 Qe5 30. Qxa7 Qg5+ 31. Kh1 R6e7 32. Qd4 Re1 33. Qf6 Qxf6 34. Rxf6 Rxf1+ 35. Rxf1 Kg7 36. a4 Ra8 37. Ra1 Kf6 38. Kg2 Ke5 39. c3 d4 40. c4 Rb8 41. Ra3 c5 42. a5 g5 43. a6 Kd6 44. a7 Ra8 45. Ra6+ Kc7 46. Rg6 Rxa7 47. Rxg5 Kb6 48. Rxh5 Ra3 49. Rh8 Ka5 50. Rb8 Ra2+ 51. Kf3 Rd2 52. Ke4 Ka6 53. Kd5 Rxd3 54. Kxc5 Rd1 55. Rd8 d3 56. Kb4 Rh1 57. Rxd3 Rh5 58. Rd5 Rh6 59. Kc5 1-0

[Event "Subic Bay Puregold op-B"]
[Site "Subic Bay"]
[Date "2016.12.13"]
[Round "1"]
[White "Tatoy, Glesit Marie"]
[Black "Bernales, Christy Lamiel"]
[Result "0-1"]
[WhiteElo "1423"]
[BlackElo "2065"]
[PlyCount "104"]
[EventDate "2016.12.13"]
[EventType "swiss"]
[EventRounds "9"]
[EventCountry "PHI"]
[SourceTitle "EXT 2018"]
[Source "ChessBase"]
[SourceDate "2017.10.13"]
[SourceVersion "1"]
[SourceVersionDate "2017.10.13"]
[SourceQuality "1"]

1. e4 e6 2. Nc3 d5 3. Nf3 Nf6 4. e5 Nfd7 5. d4 c5 6. Bf4 Nc6 7. Bb5 Qb6 8. Bxc6 bxc6 9. Rb1 Ba6 10. Qd2 cxd4 11. Qxd4 Bc5 12. Qd2 0-0 13. Na4 Qb5 14. Nxc5 Nxc5 15. Nd4 Qb6 16. Qc3 Ne4 17. Qe3 Qa5+ 18. c3 Qxa2 19. Qc1 Nc5 20. Kd2 Nd3 21. Qc2 Nxf4 22. Ra1 Qc4 23. Ra4 Qd3+ 24. Qxd3 Bxd3 25. Nxc6 Bb5 26. Ne7+ Kh8 27. Rxf4 Rae8 28. Nxd5 exd5 29. Re1 Bc4 30. g3 a5 31. Rd4 Rb8 32. Kc2 Rb6 33. Rd2 Rfb8 34. Kc1 a4 35. f4 g6 36. g4 Rb3 37. Rc2 Bd3 38. Rd2 a3 39. Rxd3 a2 40. Kd2 Rxb2+ 41. Ke3 Rb1 42. Rxb1 axb1Q 43. Rxd5 Qe1+ 44. Kd4 Qd2+ 45. Ke4 Qxc3 46. Rd3 Rb4+ 47. Ke3 Qe1+ 48. Kf3 Qe4+ 49. Kg3 Qxf4+ 50. Kg2 Rb2+ 51. Kg1 Qc1+ 52. Rd1 Qxd1# 0-1

[Event "PHI-ch (W) Battle of WGM"]
[Site "Manila"]
[Date "2016.09.11"]
[Round "9"]
[White "Bernales, Christy Lamiel"]
[Black "Galas, Bernadette"]
[Result "1/2-1/2"]
[WhiteElo "2059"]
[BlackElo "2111"]
[PlyCount "61"]
[EventDate "2016.09.06"]
[EventType "tourn"]
[EventRounds "11"]
[EventCountry "PHI"]
[SourceTitle "EXT 2019"]
[Source "ChessBase"]
[SourceDate "2018.10.10"]
[SourceVersion "1"]
[SourceVersionDate "2018.10.10"]
[SourceQuality "1"]

1. e4 c5 2. Nf3 Nc6 3. d4 cxd4 4. Nxd4 Nf6 5. Nc3 g6 6. Be3 Bg7 7. f3 0-0 8. Qd2 d5 9. 0-0-0 dxe4 10. Nxc6 Qxd2+ 11. Bxd2 bxc6 12. Nxe4 Nxe4 13. fxe4 Be6 14. a4 Rab8 15. b3 Rfd8 16. Be2 Be5 17. h3 c5 18. Ba5 Rxd1+ 19. Rxd1 Kg7 20. Rd8 Rxd8 21. Bxd8 Kf8 22. Bb5 f5 23. exf5 gxf5 24. Bc6 Bc3 25. a5 Bc8 26. Kd1 Ba6 27. Bc7 c4 28. Bb8 cxb3 29. cxb3 Bxa5 30. Bxa7 Bb4 31. Be3 1/2-1/2

[Event "Olympiad Women-42"]
[Site "Baku"]
[Date "2016.09.02"]
[Round "1.45"]
[White "Salim Moussa, Arzy Zahia"]
[Black "Bernales, Christy Lamiel"]
[Result "0-1"]
[WhiteElo "1403"]
[BlackElo "2065"]
[PlyCount "42"]
[EventDate "2016.09.02"]
[EventType "team-swiss"]
[EventRounds "11"]
[EventCountry "AZE"]
[SourceTitle "CBM 174 Extra"]
[Source "ChessBase"]
[SourceDate "2016.10.10"]
[SourceVersion "1"]
[SourceVersionDate "2016.10.10"]
[SourceQuality "1"]
[WhiteTeam "Netherlands Antilles (W)"]
[BlackTeam "Philippines (W)"]
[WhiteTeamCountry "AHO"]
[BlackTeamCountry "PHI"]

1. e4 e6 2. Nf3 d5 3. exd5 exd5 4. d4 Nf6 5. Nc3 Bb4 6. Bg5 0-0 7. Be2 Be6 8. 0-0 h6 9. Bxf6 Qxf6 10. Qd2 Nc6 11. a3 Bd6 12. g3 Rad8 13. Bb5 Qxf3 14. Qd1 Qxd1 15. Raxd1 a6 16. Be2 Be7 17. Bf3 Na5 18. Be2 Bf6 19. b4 Nc6 20. Bd3 Nxd4 21. f3 Nxf3+ 0-1

[Event "PHI-ch (Women)"]
[Site "Manila"]
[Date "2016.06.27"]
[Round "12"]
[White "Pineda, Judith"]
[Black "Bernales, Christy Lamiel"]
[Result "0-1"]
[WhiteElo "1905"]
[BlackElo "2037"]
[PlyCount "82"]
[EventDate "2016.06.20"]
[EventType "tourn"]
[EventRounds "13"]
[EventCountry "PHI"]
[SourceTitle "CBM 173 Extra"]
[Source "ChessBase"]
[SourceDate "2016.08.29"]
[SourceVersion "1"]
[SourceVersionDate "2016.08.29"]
[SourceQuality "1"]

1. e4 e6 2. Qe2 c5 3. f4 Nc6 4. Nf3 d6 5. g3 Nf6 6. c3 Be7 7. Bg2 Qb6 8. d3 Bd7 9. 0-0 0-0-0 10. Na3 h5 11. h3 Nh7 12. Be3 Qa6 13. Nc2 Nf6 14. Bf2 d5 15. Ng5 Be8 16. Rfd1 h4 17. g4 dxe4 18. Nxe4 Nd5 19. Qf3 Qa5 20. d4 c4 21. Nd2 Qc7 22. Be3 Na5 23. Rf1 Bc6 24. Qe2 Bd6 25. f5 Rhe8 26. Bxd5 exd5 27. Qf3 Ba4 28. Ne1 Bg3 29. Bf4 Qb6 30. Bxg3 hxg3 31. Rb1 Qh6 32. Qg2 Rh8 33. Rf3 Qxh3 34. Rxg3 Qh6 35. b3 cxb3 36. axb3 Bd7 37. Nd3 f6 38. Nb4 Rde8 39. Ra1 Re2 40. Qxe2 Qh1+ 41. Kf2 Rh2+ 0-1

[Event "PHI-ch (Women)"]
[Site "Manila"]
[Date "2016.06.26"]
[Round "10"]
[White "Secopito, Catherine"]
[Black "Bernales, Christy Lamiel"]
[Result "1/2-1/2"]
[WhiteElo "2135"]
[BlackElo "2037"]
[PlyCount "88"]
[EventDate "2016.06.20"]
[EventType "tourn"]
[EventRounds "13"]
[EventCountry "PHI"]
[SourceTitle "CBM 173 Extra"]
[Source "ChessBase"]
[SourceDate "2016.08.29"]
[SourceVersion "1"]
[SourceVersionDate "2016.08.29"]
[SourceQuality "1"]

1. d4 e6 2. Nf3 Nf6 3. e3 d5 4. Bd3 c5 5. c3 Nc6 6. 0-0 Bd6 7. Nbd2 0-0 8. e4 cxd4 9. cxd4 Nb4 10. Bb1 dxe4 11. Nxe4 Nbd5 12. Bg5 Be7 13. Qd3 Nxe4 14. Qxe4 f5 15. Qh4 Bxg5 16. Qxg5 Qxg5 17. Nxg5 Nf4 18. Re1 Rd8 19. g3 h6 20. Nf3 Nh3+ 21. Kg2 Ng5 22. Nxg5 hxg5 23. Bc2 b6 24. Bb3 Kf7 25. Rac1 Bb7+ 26. Kf1 Bd5 27. Rc7+ Kf6 28. Bxd5 Rxd5 29. Rd1 a5 30. Rc6 b5 31. Re1 Re8 32. Re5 Rxd4 33. Rxb5 a4 34. Rb7 g4 35. Rcc7 g5 36. Kg2 Ke5 37. h3 gxh3+ 38. Kxh3 Ke4 39. Kg2 g4 40. Rd7 Rxd7 41. Rxd7 Rb8 42. Ra7 Rb4 43. a3 Rxb2 44. Rxa4+ Kd5 1/2-1/2

[Event "PHI-ch (Women)"]
[Site "Manila"]
[Date "2015.10.30"]
[Round "8"]
[White "Fronda Pascua, Jan Jodilyn"]
[Black "Bernales, Christy Lamiel"]
[Result "1/2-1/2"]
[WhiteElo "2129"]
[BlackElo "2055"]
[PlyCount "199"]
[EventDate "2015.10.24"]
[EventType "tourn"]
[EventRounds "9"]
[EventCountry "PHI"]
[SourceTitle "CBM 169 Extra"]
[Source "ChessBase"]
[SourceDate "2015.12.18"]
[SourceVersion "1"]
[SourceVersionDate "2015.12.18"]
[SourceQuality "1"]

1. e4 e6 2. d4 d5 3. Nc3 Nf6 4. e5 Nfd7 5. Nf3 c5 6. dxc5 Nc6 7. Bf4 Bxc5 8. Bd3 f6 9. exf6 Qxf6 10. Qd2 0-0 11. Bg5 Qf7 12. 0-0-0 Nde5 13. Nxe5 Nxe5 14. f3 Nxd3+ 15. Qxd3 Qf5 16. h4 b6 17. Qxf5 Rxf5 18. a3 h6 19. Bd2 Ba6 20. Rhe1 Re8 21. Be3 Kf7 22. Na2 Rc8 23. Kb1 Rd8 24. Nb4 Bb5 25. Bxc5 bxc5 26. Nd3 Bxd3 27. Rxd3 c4 28. Rc3 Kf6 29. b3 cxb3 30. Rxb3 Rd7 31. Kc1 Rf4 32. g3 Rc4 33. f4 Rdc7 34. Re2 Kf5 35. Rbe3 R7c6 36. Re5+ Kf6 37. Kb2 Rb6+ 38. Kc1 Rc3 39. R2e3 Rxe3 40. Rxe3 Kf5 41. Kd2 Rb1 42. Ke2 Rc1 43. Rc3 Ke4 44. Rc6 Kf5 45. Rc7 g6 46. Kf3 Kf6 47. a4 h5 48. a5 a6 49. Rc6 Kf5 50. Ke2 Rg1 51. Kf2 Rc1 52. Ke2 Rg1 53. Kf2 Rh1 54. Ke3 Kg4 55. Kd4 Re1 56. Rc3 Ra1 57. Ke5 Rxa5 58. Kxe6 d4 59. Rd3 Rc5 60. Kf6 Rc6+ 61. Kg7 a5 62. Kf7 Ra6 63. Ra3 a4 64. Kg7 Kf5 65. Kf7 Ra7+ 66. Ke8 Ke4 67. Kd8 Kd5 68. Kc8 Kc4 69. Kb8 Ra5 70. Kb7 Kb4 71. Ra2 a3 72. Kb6 Ra8 73. Kc6 Rd8 74. Kc7 Rd5 75. Kc6 Rc5+ 76. Kd6 Rc3 77. Ke5 d3 78. cxd3 Rxd3 79. Rg2 Rb3 80. Kf6 Rb2 81. Rg1 a2 82. Ra1 Rg2 83. Kxg6 Rxg3+ 84. Kxh5 Rg2 85. f5 Kc5 86. f6 Kd6 87. Re1 a1Q 88. Rxa1 Ke6 89. Rf1 Kf7 90. Rf5 Rg6 91. Rf4 Rxf6 92. Rxf6+ Kxf6 93. Kg4 Kg6 94. h5+ Kh6 95. Kh4 Kh7 96. Kg5 Kg7 97. h6+ Kf7 98. Kf5 Kg8 99. Kg6 Kh8 100. h7 1/2-1/2

[Event "PHI-ch (Women)"]
[Site "Manila"]
[Date "2014.06.26"]
[Round "9"]
[White "Secopito, Catherine"]
[Black "Bernales, Christy Lamiel"]
[Result "1-0"]
[WhiteElo "2158"]
[BlackElo "2033"]
[PlyCount "73"]
[EventDate "2014.06.21"]
[EventType "tourn"]
[EventRounds "11"]
[EventCountry "PHI"]
[SourceTitle "CBM 161 Extra"]
[Source "ChessBase"]
[SourceDate "2014.08.29"]
[SourceVersion "1"]
[SourceVersionDate "2014.08.29"]
[SourceQuality "1"]

1. d4 Nf6 2. Nf3 g6 3. b3 Bg7 4. Bb2 d5 5. g3 0-0 6. Bg2 Ne4 7. Nbd2 c5 8. 0-0 Nc6 9. e3 Bf5 10. Ne5 cxd4 11. Nxc6 bxc6 12. Nxe4 Bxe4 13. Bxe4 dxe4 14. Bxd4 Bxd4 15. Qxd4 Qd5 16. Rad1 Qf5 17. Qd7 Qf6 18. Rd4 Rad8 19. Qxa7 e5 20. Rxe4 Qf5 21. Rc4 h5 22. Qe7 Rfe8 23. Qh4 Rd2 24. Rxc6 Kg7 25. Rc4 Red8 26. Qe4 Qh3 27. Qg2 Qf5 28. Qe4 Qh3 29. Qxe5+ Kg8 30. Rd4 R8xd4 31. exd4 h4 32. c4 Qd7 33. Re1 Kh7 34. Qe7 Qf5 35. Qxh4+ Kg7 36. Qf4 Qh3 37. Qxd2 1-0

[Event "PHI-ch (Women)"]
[Site "Manila"]
[Date "2014.06.23"]
[Round "4"]
[White "Mendoza, Shania Mae"]
[Black "Bernales, Christy Lamiel"]
[Result "0-1"]
[WhiteElo "1909"]
[BlackElo "2033"]
[PlyCount "124"]
[EventDate "2014.06.21"]
[EventType "tourn"]
[EventRounds "11"]
[EventCountry "PHI"]
[SourceTitle "CBM 161 Extra"]
[Source "ChessBase"]
[SourceDate "2014.08.29"]
[SourceVersion "1"]
[SourceVersionDate "2014.08.29"]
[SourceQuality "1"]

1. e4 e6 2. d4 d5 3. Nc3 Nf6 4. e5 Nfd7 5. f4 c5 6. Nf3 Nc6 7. Be3 a6 8. Qd2 b5 9. dxc5 Bxc5 10. Bxc5 Nxc5 11. Qf2 Qe7 12. Bd3 g6 13. 0-0 h5 14. a3 Bb7 15. b4 Nd7 16. Ne2 Qd8 17. Ned4 Ne7 18. Rfe1 Nb6 19. Rad1 Rc8 20. Ng5 Nc4 21. Ra1 Qb6 22. Nb3 Qxf2+ 23. Kxf2 Bc6 24. Nf3 Nf5 25. Nfd4 Nxd4 26. Nxd4 Nb2 27. Ke2 Kd7 28. Rf1 Rc7 29. h3 Bb7 30. Kd2 h4 31. Rf2 Ke7 32. Ke2 Na4 33. Kd2 Nc3 34. Ke3 Ne4 35. Rff1 Ng3 36. Rf2 Nf5+ 37. Bxf5 gxf5 38. Kd2 Rg8 39. Rb1 Rc4 40. c3 Rg3 41. Ne2 d4 42. cxd4 Rxa3 43. Rc1 Ra2+ 44. Kd1 Rxb4 45. Ke1 Bd5 46. Nc3 Rxf2 47. Nxd5+ exd5 48. Kxf2 Rxd4 49. Rc7+ Kf8 50. g3 Rc4 51. Ra7 Rc2+ 52. Kg1 hxg3 53. Rxa6 b4 54. Rb6 Rb2 55. h4 d4 56. h5 Kg7 57. h6+ Kh7 58. Rf6 d3 59. Rxf7+ Kxh6 60. Rd7 d2 61. e6 Rb1+ 62. Kg2 d1Q 0-1

[Event "PHI-ch (Women)"]
[Site "Manila"]
[Date "2014.06.21"]
[Round "2"]
[White "Mejia, Cherry Ann"]
[Black "Bernales, Christy Lamiel"]
[Result "1/2-1/2"]
[WhiteElo "1972"]
[BlackElo "2033"]
[PlyCount "64"]
[EventDate "2014.06.21"]
[EventType "tourn"]
[EventRounds "11"]
[EventCountry "PHI"]
[SourceTitle "CBM 161 Extra"]
[Source "ChessBase"]
[SourceDate "2014.08.29"]
[SourceVersion "1"]
[SourceVersionDate "2014.08.29"]
[SourceQuality "1"]

1. b3 Nf6 2. Bb2 d5 3. e3 c5 4. Nf3 Nc6 5. d4 Bg4 6. Be2 e6 7. 0-0 Bd6 8. h3 Bh5 9. Nbd2 0-0 10. c4 cxd4 11. Nxd4 Bg6 12. N2f3 Rc8 13. Rc1 Qe7 14. Nh4 Rfd8 15. Nxg6 hxg6 16. Nxc6 Rxc6 17. Bxf6 Qxf6 18. cxd5 Qe5 19. g3 exd5 20. Bf3 Bc5 21. Qd3 Rf6 22. Rxc5 Rxf3 23. Kg2 Rf6 24. Rd1 Rfd6 25. Qd4 Qe7 26. Rdc1 Qe4+ 27. Qxe4 dxe4 28. Rc7 R8d7 29. Rxd7 Rxd7 30. Rc8+ Kh7 31. h4 f5 32. Rf8 Rd2 1/2-1/2

[Event "Asian Continental op (Women) 12th"]
[Site "Manila"]
[Date "2013.05.25"]
[Round "8"]
[White "Bernales, Christy Lamiel"]
[Black "Nakhbayeva, Guliskhan"]
[Result "1/2-1/2"]
[WhiteElo "2016"]
[BlackElo "2379"]
[PlyCount "122"]
[EventDate "2013.05.18"]
[EventType "swiss"]
[EventRounds "9"]
[EventCountry "PHI"]
[SourceTitle "CBM 154 Extra"]
[Source "ChessBase"]
[SourceDate "2013.06.25"]
[SourceVersion "2"]
[SourceVersionDate "2013.06.25"]
[SourceQuality "1"]

1. e4 c6 2. d3 d5 3. Nd2 g6 4. Ngf3 Bg7 5. g3 e5 6. Bg2 Ne7 7. 0-0 0-0 8. Re1 d4 9. Qe2 c5 10. a4 Nbc6 11. Nc4 Rb8 12. Bd2 b6 13. h3 a6 14. b3 h6 15. Nh2 b5 16. axb5 axb5 17. Na5 Nb4 18. Bxb4 cxb4 19. Qd2 Qd6 20. f4 f6 21. Rf1 Bd7 22. Ng4 Bxg4 23. hxg4 Rfc8 24. fxe5 fxe5 25. g5 h5 26. Bh3 Rf8 27. Rxf8+ Bxf8 28. Rf1 Bg7 29. Qf2 Rf8 30. Qd2 Ra8 31. Nb7 Qb6 32. Qxb4 Qxb7 33. Be6+ Kh7 34. Rf7 Ra1+ 35. Kg2 Ra7 36. Kh3 Qc7 37. Qxb5 Qd6 38. Bc4 Qd7+ 39. Qxd7 Rxd7 40. b4 Ra7 41. g4 Nc6 42. gxh5 gxh5 43. b5 Rxf7 44. Bxf7 Nb4 45. b6 Bf8 46. b7 Bd6 47. Bb3 Kg6 48. Kh4 Nc6 49. Be6 Na5 50. Bf5+ Kg7 51. Bc8 Nc6 52. Bd7 Ne7 53. Kxh5 Ng6 54. Kg4 Kf7 55. Kh5 Kg7 56. Kg4 Nf4 57. Kf5 Bb8 58. Ba4 Kf7 59. Bb3+ Kg7 60. Ba4 Kf7 61. Bb3+ Kg7 1/2-1/2

[Event "Asian Continental op (Women) 12th"]
[Site "Manila"]
[Date "2013.05.22"]
[Round "5"]
[White "Bhakti, Kulkarni"]
[Black "Bernales, Christy Lamiel"]
[Result "1-0"]
[WhiteElo "2244"]
[BlackElo "2016"]
[PlyCount "73"]
[EventDate "2013.05.18"]
[EventType "swiss"]
[EventRounds "9"]
[EventCountry "PHI"]
[SourceTitle "CBM 154 Extra"]
[Source "ChessBase"]
[SourceDate "2013.06.25"]
[SourceVersion "2"]
[SourceVersionDate "2013.06.25"]
[SourceQuality "1"]

1. d4 d5 2. c4 e6 3. Nf3 Nf6 4. Nc3 Be7 5. Bg5 0-0 6. e3 b6 7. cxd5 exd5 8. Qc2 Bb7 9. Bd3 h6 10. Bh4 Nbd7 11. 0-0 c5 12. Rad1 Re8 13. Rfe1 a6 14. dxc5 bxc5 15. Bf5 Nb6 16. b3 Nfd7 17. Bg3 Bf6 18. a4 Ne5 19. Ne4 c4 20. Nxf6+ gxf6 21. Rd4 Bc8 22. bxc4 Nbxc4 23. Bxc8 Rxc8 24. Qf5 Nd6 25. Qh5 Qa5 26. Rf1 Rc4 27. Nxe5 fxe5 28. Bxe5 Re6 29. Qg4+ Rg6 30. Qd7 Rxd4 31. exd4 Qb6 32. Rc1 Re6 33. h3 Ne8 34. Rc8 Kf8 35. Rb8 Qa5 36. Rxe8+ Rxe8 37. Bd6+ 1-0